US States Breakdown Puzzle #1 - Statistics

General Stats
  • This quiz has been taken 2,387 times
    2,372 since last reset
  • The average score is 19 of 30
Answer Stats
Hint Answer % Correct
"Game, ___, Match!" SET
93%
Place to get drinks BAR
89%
Negative word NO
86%
Kyoto currency YEN
83%
Pride animal LION
82%
Highway ROAD
80%
Yemen neighbour OMAN
79%
Wood cutting tool AX
78%
TEXAS
78%
Do one's job WORK
77%
Eden slitherer SNAKE
75%
Pro-Wrestler Hulk HOGAN
74%
Industrious insect ANT
72%
NEW YORK
70%
Walk in shallow water WADE
69%
Chilly; trendy COOL
64%
COLORADO
61%
MONTANA
61%
NEBRASKA
61%
OREGON
57%
DELAWARE
56%
British nobleman EARL
56%
Gemini symbol TWINS
54%
Cheney's predecessor GORE
52%
WASHINGTON
50%
CALIFORNIA
45%
Complains like a child WHINES
42%
Pride animal's home AFRICA
33%
NEW HAMPSHIRE
33%
Picnic basket HAMPER
24%
No matching quizzes found
Score Distribution
Percent of People with Each Score
Percentile by Number Answered
Your Score History
You have not taken this quiz since the last reset